| 000 | 00632nam a2200229Ia 4500 | ||
|---|---|---|---|
| 001 | 51969 | ||
| 005 | 20240114005245.0 | ||
| 007 | ta | ||
| 008 | 100302s2009 a g b000 u 465 u | ||
| 040 | _aCotton College,Guwah | ||
| 041 | _a465 | ||
| 082 |
_a954 _bCh 455 In |
||
| 100 | _aChopra, J.K. . | ||
| 245 | 0 |
_aUnique Quintessence Of Indian History / _cJ.k.Chopra. _hTextual Documents |
|
| 250 | _a2009 ed. / | ||
| 260 |
_aN.Delhi : _bUnique Publishers , _c2009. |
||
| 300 |
_a1196 : _bFigures ; |
||
| 653 | _aHistory-India,Competitive examinations | ||
| 942 |
_2ddc _cBK |
||
| 999 |
_c51933 _d51933 |
||